Statistics for 1M Chinese Cities by Proximity in 90 Seconds

Click here to take the quiz!

General Stats

  • This quiz has been taken 1,493 times
  • The average score is 51 of 103

Answers on the Map

Answers color-coded by a green-red scale on the quiz's map according to % correct below.
Loading ...
 

Answer Stats

City% Correct
Baoding
99%
Tianjin
99%
Beijing
99%
Hangzhou
98%
Changshu
98%
Wuxi
98%
Tangshan
98%
Cixi
98%
Jiangyin
98%
Shanghai
98%
Changzhou
98%
Ningbo
98%
Nantong
98%
Qingyuan
97%
Huizhou
97%
Zhuhai
97%
Hong Kong
97%
Guangzhou
97%
Zhangjiakou
95%
Nanchong
79%
Xi'an
77%
Baoji
77%
Nanjing
74%
Mianyang
71%
Ma'anshan
71%
Chengdu
71%
Wuhu
71%
Taizhou
70%
Yangzhou
70%
Zhenjiang
70%
Wuhan
68%
Hefei
67%
Huainan
67%
Bengbu
67%
Daqing
66%
Harbin
66%
Ürümqi
65%
Putian
65%
Chongqing
64%
Huai'an
63%
Yancheng
62%
Shantou
60%
Xiamen
60%
Yantai
59%
Yiwu
52%
Weifang
49%
Rizhao
48%
Lianyungang
48%
Qingdao
46%
Shenyang
46%
Anshan
46%
Benxi
46%
Cangnan
45%
Dalian
44%
Kunming
39%
Kaifeng
38%
Xinxiang
38%
Jiaozuo
38%
Luoyang
37%
Zhengzhou
37%
Fuzhou
35%
Anyang
35%
Changsha
30%
Liuzhou
30%
Xiangtan
30%
Zhuzhou
30%
Hengyang
30%
Shijiazhuang
30%
Xingtai
27%
Wenzhou
27%
Zibo
26%
Nanning
26%
Jilin
26%
Changchun
26%
Tai'an
26%
Taiyuan
25%
Jinan
25%
Zhanjiang
24%
Jining
24%
Haikou
23%
Lanzhou
21%
Xining
21%
Handan
21%
Linyi
20%
Huhehot
17%
Baotou
15%
Xuzhou
15%
Datong
14%
Huaibei
14%
Guilin
11%
Zunyi
11%
Guiyang
11%
Qiqihar
10%
Nanchang
9%
Nanyang
8%
Jinzhou
7%
Qinhuangdao
6%
Maoming
4%
Yinchuan
3%
Wanzhou
2%
Xiangyang
2%
Yichang
2%
Chifeng
1%

Score Distribution

Percentile by Number Answered

Percent of People with Each Score

Your Score History

You have not taken this quiz